[Event "Tilburg"]
[Site "?"]
[Date "1993.??.??"]
[Round "?"]
[White "Yusupov, A."]
[Black "Karpov, An"]
[Result "1/2-1/2"]
[WhiteElo "2630"]
[BlackElo "2760"]
[PlyCount "39"]
[EventDate "1993.??.??"]
[Source "ChessBase"]
[SourceDate "1994.02.01"]

1. d4 Nf6 2. c4 e6 3. Nc3 Bb4 4. e3 O-O 5. Bd3 d5 6. Nf3 c5 7. O-O dxc4 8. Bxc4 b6 9. a3 cxd4 10. axb4 dxc3 11. Qxd8 Rxd8 12. bxc3 Bb7 13. Bb2 a6 14. Be2 b5 15. c4 Nc6 16. cxb5 axb5 17. Rxa8 Rxa8 18. Bxf6 gxf6 19. Rb1 Ra4 20. Bxb5 1/2-1/2

[Event "Groningen"]
[Site "?"]
[Date "1993.??.??"]
[Round "?"]
[White "Anand, V."]
[Black "Adams, M."]
[Result "1/2-1/2"]
[WhiteElo "2725"]
[BlackElo "2630"]
[PlyCount "108"]
[EventDate "1993.??.??"]
[Source "ChessBase"]
[SourceDate "1993.10.01"]

1. e4 c6 2. d4 d5 3. exd5 cxd5 4. c4 Nf6 5. Nc3 e6 6. Nf3 Bb4 7. Bd3 dxc4 8. Bxc4 O-O 9. O-O Nbd7 10. Bg5 Bxc3 11. bxc3 Qc7 12. Qd3 b6 13. Bb3 a5 14. Rac1 a4 15. Bc4 Bb7 16. Bb5 Bc6 17. Bxc6 Qxc6 18. c4 h6 19. Bf4 Rfd8 20. Rfe1 Rac8 21. h3 Qb7 22. Qa3 Qa6 23. Qb4 Rc6 24. Nd2 Nf8 25. Be3 Ng6 26. Rb1 Qa8 27. g3 Rd7 28. Qa3 Ne7 29. Rb4 Nf5 30. Rxa4 Qb7 31. Nf3 Rc8 32. Ne5 Rdc7 33. Rb4 Nd7 34. Nxd7 Rxd7 35. d5 Nxe3 36. Qxe3 exd5 37. Rxb6 Qa8 38. cxd5 Rxd5 39. Qb3 Re5 40. Rd1 Re2 41. a4 Qe4 42. Rb8 Rxb8 43. Qxb8+ Kh7 44. Qb3 Qf5 45. Rf1 Rd2 46. h4 h5 47. Qb6 Ra2 48. Qd4 Qg4 49. Qd5 Rxa4 50. Qxf7 Qg6 51. Qe7 Re4 52. Qd8 Re2 53. Rc1 Qf5 54. Qd4 Qe4 1/2-1/2

[Event "France 81/320"]
[Site "?"]
[Date "2001.??.??"]
[Round "?"]
[White "Lautier, J."]
[Black "Bologan, V."]
[Result "1-0"]
[WhiteElo "2658"]
[BlackElo "2684"]
[PlyCount "71"]
[EventDate "2001.??.??"]
[Source "Chess Informant"]
[SourceDate "2001.02.01"]

1. d4 Nf6 2. c4 e6 3. Nc3 Bb4 4. e3 O-O 5. Bd3 d5 6. Nf3 c5 7. O-O dxc4 8. Bxc4 cxd4 9. exd4 a6 10. a4 Nc6 11. Bg5 Be7 12. Re1 Bd7 13. Qe2 Rc8 14. Rad1 Nb4 15. Ne5 Be8 16. Bb3 Nfd5 17. Bd2 Bc6 18. Qg4 Nf6 19. Nxf7 Rxf7 20. Qxe6 Nbd5 21. Re5 Bd7 22. Rxd5 Bxe6 23. Rxd8+ Rxd8 24. Bxe6 Rxd4 25. Bg5 Rxd1+ 26. Nxd1 Kf8 27. Bxf7 Kxf7 28. Kf1 Nd7 29. Bxe7 Kxe7 30. Ke2 Kd6 31. b4 a5 32. Kd3 axb4 33. Kc4 Ke5 34. Nb2 Ke4 35. a5 b6 36. a6 1-0

[Event "Wijk aan Zee 71/(571)"]
[Site "?"]
[Date "1998.??.??"]
[Round "?"]
[White "Karpov, Anatoly"]
[Black "Van Wely, Loek"]
[Result "1/2-1/2"]
[WhiteElo "2735"]
[BlackElo "2605"]
[PlyCount "57"]
[EventDate "1998.??.??"]
[Source "ChessBase"]
[SourceDate "1997.10.01"]

1. d4 Nf6 2. c4 e6 3. Nc3 Bb4 4. e3 O-O 5. Bd3 d5 6. Nf3 c5 7. O-O cxd4 8. exd4 dxc4 9. Bxc4 b6 10. Bg5 Bb7 11. Qe2 Bxc3 12. bxc3 Nbd7 13. Bd3 Qc7 14. c4 Ng4 15. Be4 Bxe4 16. Qxe4 Ngf6 17. Qe2 Rac8 18. Rac1 Rfe8 19. Rfe1 h6 20. Bd2 Qc6 21. Qd3 a6 22. h3 b5 23. cxb5 Qxb5 24. Qxb5 axb5 25. Rb1 Rc2 26. Rxb5 Ra8 27. Ra1 Raxa2 28. Rxa2 Rxa2 29. Rb7 1/2-1/2

[Event "Hofmann Cup"]
[Site "Baden-Baden GER"]
[Date "1995.??.??"]
[Round "5"]
[White "Vaisser, Anatoli V"]
[Black "Karpov, Anatoly"]
[Result "1/2-1/2"]
[WhiteElo "2540"]
[BlackElo "2765"]
[PlyCount "119"]
[EventDate "1995.??.??"]
[Source "www.chesslib.no"]
[SourceDate "2004.05.04"]

1. d4 Nf6 2. c4 e6 3. Nc3 Bb4 4. e3 O-O 5. Bd3 c5 6. Nf3 d5 7. O-O dxc4 8. Bxc4 cxd4 9. exd4 b6 10. Bg5 Bxc3 11. bxc3 Nbd7 12. Bd3 Qc7 13. Rc1 Bb7 14. Bh4 Be4 15. Bxe4 Nxe4 16. Qd3 Nd6 17. c4 Nf5 18. Bg5 h6 19. Bd2 Rfd8 20. Rfe1 Rac8 21. d5 Nc5 22. Qc2 Ne7 23. dxe6 Nxe6 24. Qe4 Qc5 25. Qg4 Qf5 26. Qg3 Ng6 27. Be3 Nc5 28. Nd4 Qh5 29. Rc2 Rd7 30. h3 Ne4 31. Qf3 Qxf3 32. Nxf3 Nc5 33. Bxc5 Rxc5 34. Re8+ Kh7 35. Nd2 Ne5 36. f4 Nd3 37. Nb3 Rcc7 38. Re4 Nb4 39. Rce2 Kg6 40. c5 Nd5 41. cxb6 axb6 42. Rd4 Nc3 43. Rc2 Re7 44. Kh2 b5 45. Rd3 Ne4 46. Re2 Nf6 47. f5+ Kh7 48. Rxe7 Rxe7 49. Rd2 h5 50. Rb2 b4 51. Nd4 Nd5 52. Nc6 Re4 53. Rd2 Nc3 54. Rc2 Nd5 55. Rc5 Ne3 56. Kg3 Nd1 57. Rb5 Re3+ 58. Kf4 Re2 59. Nxb4 Rxg2 60. Rb7 1/2-1/2

[Event "TCh-FRA, Montpellier FRA"]
[Site "?"]
[Date "2001.??.??"]
[Round "10"]
[White "Lautier, J."]
[Black "Andersson, U."]
[Result "1/2-1/2"]
[WhiteElo "2655"]
[BlackElo "2640"]
[PlyCount "72"]
[EventDate "2001.??.??"]
[Source "www.chesslib.no"]
[SourceDate "2004.05.04"]

1. d4 Nf6 2. c4 e6 3. Nc3 Bb4 4. e3 O-O 5. Bd3 d5 6. Nf3 c5 7. O-O dxc4 8. Bxc4 b6 9. a3 cxd4 10. axb4 dxc3 11. Qxd8 Rxd8 12. bxc3 Bb7 13. Bb2 Nc6 14. Rfd1 a6 15. Be2 Ne4 16. Ne1 Rxd1 17. Rxd1 Rd8 18. Rxd8+ Nxd8 19. c4 Nc6 20. Nc2 f6 21. f3 Nd6 22. Kf2 Kf7 23. e4 Bc8 24. Bc3 a5 25. c5 axb4 26. Nxb4 Nxb4 27. cxd6 Nc6 28. f4 e5 29. Bb5 Bd7 30. f5 Ke8 31. Ke3 Na5 32. Ba6 Bc6 33. Bc8 Bd7 34. Ba6 Bc6 35. Bb4 Kd7 36. Kd3 Nb3 1/2-1/2

[Event "ARM-ROW Match"]
[Site "Moscow"]
[Date "2004.06.14"]
[Round "5"]
[White "Vaganian, Rafael A"]
[Black "Van Wely, Loek"]
[Result "1/2-1/2"]
[WhiteElo "2639"]
[BlackElo "2651"]
[PlyCount "87"]
[EventDate "2004.06.10"]
[Source "Roberto Alvarez"]
[SourceDate "2004.06.07"]

1. d4 Nf6 2. c4 e6 3. Nf3 d5 4. e3 c5 5. Nc3 cxd4 6. exd4 Bb4 7. Bd3 dxc4 8. Bxc4 O-O 9. O-O b6 10. Bg5 Bb7 11. Rc1 Nc6 12. Bd3 Be7 13. Re1 Rc8 14. Bb1 Nd5 15. Qd3 g6 16. h4 Bxg5 17. hxg5 Nxc3 18. bxc3 Na5 19. Qe3 Nc4 20. Qf4 Bxf3 21. gxf3 f6 22. Qg4 fxg5 23. Qxe6+ Kg7 24. Kg2 Qf6 25. Qxf6+ Kxf6 26. Bd3 Rf7 27. Re2 Rd7 28. Kg3 Nd6 29. f4 Rdc7 30. fxg5+ Kxg5 31. c4 Nxc4 32. Rec2 b5 33. a4 a6 34. axb5 axb5 35. d5 Rc5 36. d6 Kf6 37. Bxc4 bxc4 38. d7 Rg5+ 39. Kh4 Rh5+ 40. Kg4 Rd8 41. Rxc4 Rxd7 42. Rc6+ Kg7 43. Rc7 Rxc7 44. Rxc7+ 1/2-1/2

[Event "NED-ch op 5'"]
[Site "Dordrecht"]
[Date "2001.02.24"]
[Round "5"]
[White "Lautier, Joel"]
[Black "Piket, Jeroen"]
[Result "1-0"]
[WhiteElo "2658"]
[BlackElo "2632"]
[PlyCount "35"]
[EventDate "2001.02.24"]
[Source "ChessBase"]
[SourceDate "2001.03.08"]

1. d4 e6 2. c4 Nf6 3. Nc3 Bb4 4. e3 O-O 5. Bd3 d5 6. Nf3 c5 7. O-O cxd4 8. exd4 dxc4 9. Bxc4 a6 10. a4 b6 11. Bg5 Bb7 12. Ne5 Be7 13. Qe2 Nc6 14. Rad1 Nb4 15. Rfe1 Nbd5 16. Rd3 Nxc3 17. b3 Nxa4 18. bxa4 1-0

[Event "Match"]
[Site "New York m"]
[Date "1994.??.??"]
[Round "4"]
[White "Gulko, Boris F"]
[Black "Short, Nigel D"]
[Result "1/2-1/2"]
[WhiteElo "2615"]
[BlackElo "2655"]
[PlyCount "67"]
[EventDate "1994.??.??"]
[Source "www.chesslib.no"]
[SourceDate "2004.05.04"]

1. c4 c6 2. e4 d5 3. exd5 cxd5 4. d4 Nf6 5. Nc3 e6 6. Nf3 Bb4 7. Bd3 dxc4 8. Bxc4 O-O 9. O-O b6 10. Bg5 Bb7 11. Re1 Nbd7 12. Rc1 Rc8 13. Bd3 Re8 14. Qe2 Bxc3 15. bxc3 Qc7 16. Bh4 Qd6 17. Ba6 Bxa6 18. Qxa6 Qb8 19. c4 Qa8 20. a4 Ne4 21. Qb5 Rc7 22. Qb1 Nd6 23. Bg3 Rc6 24. Bxd6 Rxd6 25. a5 Nf8 26. Qb5 Qc6 27. Qb4 Qxc4 28. axb6 axb6 29. h4 Qxd4 30. Qb5 f6 31. Qg5 Qa1 32. Qf4 Qd4 33. Rc7 Qxf4 34. Rc5 1/2-1/2

[Event "URS-chT"]
[Site "Riga"]
[Date "1975.??.??"]
[Round "?"]
[White "Spassky, Boris V"]
[Black "Petrosian, Tigran V"]
[Result "1-0"]
[WhiteElo "2625"]
[BlackElo "2645"]
[PlyCount "81"]
[EventDate "1975.??.??"]
[Source "ChessBase"]

1. d4 Nf6 2. c4 e6 3. Nc3 Bb4 4. e3 c5 5. Bd3 d5 6. Nf3 O-O 7. O-O dxc4 8. Bxc4 a6 9. a4 cxd4 10. exd4 Qa5 11. Bg5 Nd5 12. Ne4 Nd7 13. Qe2 Re8 14. Rfc1 Nf8 15. Nc5 Ne7 16. Qe4 Nf5 17. Bd3 Qb6 18. Rc2 a5 19. Qg4 Qd6 20. Bb5 Bd7 21. Bf4 Qe7 22. Nxd7 Nxd7 23. Rc7 Red8 24. d5 Bd6 25. Bg5 Nf6 26. Rxe7 Nxg4 27. Rxb7 f6 28. Bd2 exd5 29. Bd7 Ngh6 30. Be6+ Kh8 31. Rc1 Ne7 32. Nd4 Ra6 33. Bd7 Nhg8 34. Bb5 Raa8 35. Kf1 Be5 36. Ne6 Rdb8 37. Rxb8 Rxb8 38. b3 Ra8 39. f4 Bd6 40. Nc7 Ra7 41. Na6 1-0

[Event "URS-chT"]
[Site "Moscow"]
[Date "1972.??.??"]
[Round "?"]
[White "Tal, Mihail"]
[Black "Polugaevsky, Lev"]
[Result "1/2-1/2"]
[WhiteElo "2625"]
[BlackElo "2645"]
[PlyCount "29"]
[EventDate "1972.??.??"]
[Source "ChessBase"]

1. d4 Nf6 2. c4 e6 3. Nc3 Bb4 4. e3 O-O 5. Bd3 c5 6. Nf3 d5 7. O-O dxc4 8. Bxc4 a6 9. a3 Ba5 10. Bd3 Nbd7 11. Ne4 Nxe4 12. Bxe4 Bb6 13. Qc2 h6 14. dxc5 Nxc5 15. Bh7+ 1/2-1/2

[Event "Corr"]
[Site "?"]
[Date "1994.??.??"]
[Round "?"]
[White "Bern Ivar"]
[Black "Bang Erik BH"]
[Result "1/2-1/2"]
[WhiteElo "2580"]
[BlackElo "2680"]
[PlyCount "57"]
[EventDate "1994.??.??"]
[Source "www.chesslib.no"]
[SourceDate "2004.05.04"]

1. d4 Nf6 2. c4 e6 3. Nc3 Bb4 4. e3 O-O 5. Bd3 d5 6. a3 Bxc3+ 7. bxc3 dxc4 8. Bxc4 c5 9. Nf3 Qc7 10. Ba2 b6 11. O-O Bb7 12. Ne5 Nbd7 13. Nxd7 Qxd7 14. f3 cxd4 15. cxd4 Nd5 16. Qd2 Rac8 17. Bb2 b5 18. Rac1 Nb6 19. e4 Nc4 20. Bxc4 bxc4 21. Rfd1 f6 22. Bc3 Rfd8 23. Ba5 Re8 24. Bb4 Red8 25. Qe3 Qc7 26. Qc3 Rd7 27. Rd2 Qc6 28. Rb2 Ba6 29. Rcb1 1/2-1/2

[Event "NED"]
[Site "NED"]
[Date "1992.??.??"]
[Round "8"]
[White "Speelman, Jonathan S"]
[Black "Polugaevsky, Lev A"]
[Result "1-0"]
[WhiteElo "2630"]
[BlackElo "2630"]
[PlyCount "77"]
[EventDate "1992.??.??"]
[Source "www.chesslib.no"]
[SourceDate "2004.05.04"]

1. d4 Nf6 2. c4 e6 3. Nc3 Bb4 4. e3 O-O 5. Bd3 d5 6. Nf3 c5 7. O-O dxc4 8. Bxc4 cxd4 9. exd4 b6 10. Bg5 Bb7 11. Qe2 Bxc3 12. bxc3 Nbd7 13. Bd3 Qc7 14. Rac1 Ng4 15. Be4 Bxe4 16. Qxe4 Ngf6 17. Qe2 Rac8 18. c4 Qb7 19. Rfe1 Rfe8 20. h3 Qa6 21. Ne5 Nxe5 22. dxe5 Nd7 23. Qg4 Kh8 24. Qf4 Kg8 25. h4 Rc5 26. Qg3 Kf8 27. Qd3 Qc8 28. Qxh7 f6 29. exf6 Nxf6 30. Bxf6 gxf6 31. Rc3 Qc7 32. Qh8+ Kf7 33. Qh6 Rg8 34. Rd3 Qc6 35. g3 Rg6 36. Qd2 Rxc4 37. Rd7+ Kg8 38. Rxa7 Qd5 39. Qxd5 1-0

[Event "Tilburg"]
[Site "Tilburg"]
[Date "1977.09.28"]
[Round "5"]
[White "Gligoric, Svetozar"]
[Black "Karpov, Anatoly"]
[Result "1/2-1/2"]
[WhiteElo "2565"]
[BlackElo "2690"]
[PlyCount "32"]
[EventDate "1977.09.23"]
[Source "ChessBase"]

1. d4 Nf6 2. c4 e6 3. Nc3 Bb4 4. e3 O-O 5. Bd3 c5 6. Nf3 d5 7. O-O cxd4 8. exd4 dxc4 9. Bxc4 b6 10. Bg5 Bb7 11. Rc1 Nc6 12. a3 Be7 13. Re1 Nd5 14. Bd2 Nxc3 15. Bxc3 Bf6 16. d5 exd5 1/2-1/2

[Event "Open Aeroflot"]
[Site "Mosca RUS"]
[Date "2007.02.22"]
[Round "9"]
[White "Timofeev, Arty"]
[Black "Grigoriants, S RUS."]
[Result "1/2-1/2"]
[WhiteElo "2663"]
[BlackElo "2592"]
[PlyCount "137"]
[EventDate "2007.02.14"]
[Source "www.chesslib.no"]
[SourceDate "2004.05.04"]

1. e4 c6 2. d4 d5 3. exd5 cxd5 4. c4 Nf6 5. Nc3 e6 6. Nf3 Bb4 7. Bd3 dxc4 8. Bxc4 O-O 9. O-O b6 10. Bg5 Bb7 11. Re1 Nbd7 12. Rc1 Rc8 13. Qb3 Bxc3 14. Rxc3 h6 15. Bh4 Qe8 16. Nd2 Nd5 17. Rcc1 f5 18. f3 a6 19. a4 Qg6 20. Bg3 Qf6 21. Qd3 f4 22. Bf2 Qe7 23. Qe2 Nc7 24. Ne4 Qb4 25. Rc2 Kh8 26. Rec1 a5 27. Qe1 Qe7 28. Bh4 g5 29. Bf2 Nd5 30. Re2 Rc7 31. b3 Re8 32. Qd2 Rec8 33. Rce1 Nf8 34. h4 Rd8 35. Nc3 Qg7 36. Re5 Nxc3 37. Qxc3 Bd5 38. hxg5 hxg5 39. Qd3 Nd7 40. R5e2 Nf8 41. Re5 Rcd7 42. Qe2 Rd6 43. Bxd5 Rxd5 44. Rc1 Qd7 45. Qe4 Kg8 46. Rc4 Kf7 47. Qc2 Rxe5 48. dxe5 Qd1+ 49. Kh2 Qxc2 50. Rxc2 Rd5 51. Bxb6 Nd7 52. Bc7 Nxe5 53. Bxe5 Rxe5 54. Rc8 Kf6 55. Rf8+ Kg6 56. Rb8 Re3 57. Kh3 Kf5 58. Rf8+ Ke5 59. Rg8 Kf5 60. Rf8+ Ke5 61. Ra8 Rxb3 62. Rxa5+ Kf6 63. Rb5 Ra3 64. a5 Ra2 65. Rc5 Ra1 66. Kh2 e5 67. Rb5 Kf5 68. g4+ fxg3+ 69. Kxg3 1/2-1/2

[Event "4th IECC"]
[Site "Istanbul"]
[Date "2003.05.31"]
[Round "2"]
[White "Timofeev, Artyom"]
[Black "Malakhov, Vladimir"]
[Result "1/2-1/2"]
[WhiteElo "2577"]
[BlackElo "2672"]
[PlyCount "115"]
[EventDate "2003.05.30"]
[Source "Roberto Alvarez"]
[SourceDate "2003.06.23"]

1. e4 c6 2. d4 d5 3. exd5 cxd5 4. c4 Nf6 5. Nc3 e6 6. Nf3 Bb4 7. Bd3 dxc4 8. Bxc4 O-O 9. O-O a6 10. a4 Nc6 11. Bg5 Be7 12. Re1 Nb4 13. Qb3 Nc6 14. Qd1 Nb4 15. Ne5 Bd7 16. Qe2 Be8 17. Rad1 Nbd5 18. Rd3 Nxc3 19. bxc3 Nd7 20. Bxe7 Qxe7 21. Rg3 Nxe5 22. Qxe5 g6 23. d5 Bxa4 24. dxe6 f6 25. Qe3 Rfd8 26. h4 Rac8 27. Ba2 Be8 28. h5 g5 29. f4 h6 30. Rf1 Bb5 31. fxg5 hxg5 32. Rf5 Kh8 33. Bd5 Bc4 34. Bxc4 Rxc4 35. Rgf3 Rd1+ 36. Kf2 Ra4 37. Rxf6 Ra2+ 38. Kg3 Qc7+ 39. Kh3 Rh1+ 40. Kg4 Ra4+ 41. Kxg5 Qg7+ 42. Rg6 Qe7+ 43. Rff6 Rhh4 44. Rh6+ Kg7 45. Rhg6+ Kh8 46. Qe5 Rag4+ 47. Kf5 Rxh5+ 48. Kxg4 Rxe5 49. Rh6+ Kg8 50. Rfg6+ Qg7 51. Kf4 Re1 52. g4 a5 53. Rxg7+ Kxg7 54. Rh5 Rxe6 55. Rxa5 Rc6 56. Ra3 Kg6 57. Rb3 Rc7 58. Ke4 1/2-1/2

[Event "EU-ch 2nd"]
[Site "Ohrid"]
[Date "2001.06.02"]
[Round "2"]
[White "Neverov, Valeriy"]
[Black "Van Wely, Loek"]
[Result "1/2-1/2"]
[WhiteElo "2562"]
[BlackElo "2670"]
[PlyCount "49"]
[EventDate "2001.06.01"]
[Source "ChessBase"]
[SourceDate "2001.09.13"]

1. d4 Nf6 2. c4 e6 3. Nc3 Bb4 4. e3 O-O 5. Nf3 c5 6. Bd3 d5 7. O-O cxd4 8. exd4 dxc4 9. Bxc4 Nbd7 10. Bg5 Bxc3 11. bxc3 Qc7 12. Qd3 b6 13. Rfe1 Bb7 14. Bb3 b5 15. Rac1 a6 16. Ne5 Rac8 17. Bc2 g6 18. Bb3 Nxe5 19. dxe5 Qc6 20. f3 Nd7 21. Qd2 Qc5+ 22. Be3 Qe7 23. Bg5 Qc5+ 24. Be3 Qe7 25. Bg5 1/2-1/2

[Event "Istanbul ol (Men)"]
[Site "Istanbul"]
[Date "2000.10.29"]
[Round "2"]
[White "Piket, Jeroen"]
[Black "Nielsen, Peter Heine"]
[Result "1/2-1/2"]
[WhiteElo "2649"]
[BlackElo "2578"]
[PlyCount "33"]
[EventDate "2000.10.??"]
[Source "www.chesslib.no"]
[SourceDate "2004.05.04"]

1. d4 Nf6 2. c4 e6 3. Nc3 Bb4 4. e3 O-O 5. Bd3 d5 6. Nf3 c5 7. O-O cxd4 8. exd4 dxc4 9. Bxc4 b6 10. Qe2 Bb7 11. Bf4 a6 12. Rac1 b5 13. Bd3 Nbd7 14. h3 Rc8 15. Ne4 Qb6 16. Nxf6+ Nxf6 17. Be5 1/2-1/2

[Event "Hastings"]
[Site "?"]
[Date "1989.??.??"]
[Round "?"]
[White "Dolmatov, S."]
[Black "Speelman, J."]
[Result "1-0"]
[WhiteElo "2610"]
[BlackElo "2615"]
[PlyCount "135"]
[EventDate "1989.??.??"]
[Source "ChessBase"]
[SourceDate "1990.01.01"]

1. e4 c6 2. d4 d5 3. exd5 cxd5 4. c4 Nf6 5. Nc3 e6 6. Nf3 Bb4 7. Bd3 dxc4 8. Bxc4 O-O 9. O-O Nbd7 10. Bg5 Bxc3 11. bxc3 Qc7 12. Bd3 Qxc3 13. Rc1 Qa5 14. Ne5 Nxe5 15. Rc5 Qa3 16. dxe5 Qxc5 17. Bxf6 Re8 18. Bxh7+ Kxh7 19. Qh5+ Kg8 20. Qg5 Qf8 21. Rd1 b6 22. Rd4 Ba6 23. Rg4 Be2 24. Bxg7 Bxg4 25. Bxf8+ Kxf8 26. Qxg4 Rac8 27. h4 Ke7 28. Qg5+ Kd7 29. Qf4 a5 30. Qxf7+ Kc6 31. Qf3+ Kc5 32. Qe3+ Kc6 33. Qf3+ Kc5 34. Qa3+ Kc4 35. Qb3+ Kc5 36. a4 Rb8 37. Qc3+ Kd5 38. f4 Ke4 39. Qf3+ Kd4 40. Qc6 Ke3 41. Qc1+ Ke2 42. h5 Rec8 43. Qf1+ Kd2 44. Qb5 Ke3 45. g3 Kd4 46. Kg2 Kc3 47. h6 Rh8 48. Qd7 b5 49. axb5 a4 50. b6 a3 51. Qa4 Kb2 52. Qb4+ Ka2 53. h7 Rbc8 54. b7 Rc2+ 55. Kf3 Rb2 56. Qc5 Rb3+ 57. Kg4 Kb2 58. Qc8 Rxh7 59. b8=Q Rg7+ 60. Kh5 Rgxg3 61. Qd6 Rh3+ 62. Kg6 Rbg3+ 63. Kf7 Rh7+ 64. Kxe6 Rh6+ 65. Kf5 Rxd6 66. exd6 a2 67. d7 a1=Q 68. Qb7+ 1-0

[Event "Elista ol (Men)"]
[Site "Elista"]
[Date "1998.10.03"]
[Round "5"]
[White "Sadler, Matthew"]
[Black "Psakhis, Lev"]
[Result "1/2-1/2"]
[WhiteElo "2660"]
[BlackElo "2560"]
[PlyCount "81"]
[EventDate "1998.09.29"]
[Source "ChessBase"]
[SourceDate "1998.11.06"]

1. d4 Nf6 2. c4 e6 3. Nc3 Bb4 4. e3 O-O 5. Bd3 d5 6. Nf3 c5 7. O-O cxd4 8. exd4 dxc4 9. Bxc4 a6 10. a4 b6 11. Qe2 Bb7 12. Bf4 Nc6 13. Rfd1 Ne7 14. Rac1 Ng6 15. Bg3 Nd5 16. Nxd5 exd5 17. Bd3 Re8 18. Qc2 Rc8 19. Qb3 a5 20. Bf5 Rc6 21. Rxc6 Bxc6 22. Rc1 Qf6 23. Qc2 Ba8 24. Bd7 Rf8 25. Qc7 Qe7 26. Bb5 Qe6 27. h3 h6 28. Qd7 Qxd7 29. Bxd7 Bb7 30. Bb5 Ne7 31. Bc7 Nc8 32. Ne5 Nd6 33. Bd7 Ba6 34. b3 Ne4 35. Bxb6 Nc3 36. Kh2 Rb8 37. Ba7 Rb7 38. Bc5 Ne2 39. Rc2 Rc7 40. Ra2 Bxc5 41. dxc5 1/2-1/2

[Event "Leon"]
[Site "Leon"]
[Date "1994.??.??"]
[Round "8"]
[White "Ljubojevic, Ljubomir"]
[Black "Kortschnoj, Viktor"]
[Result "1/2-1/2"]
[WhiteElo "2600"]
[BlackElo "2615"]
[PlyCount "162"]
[EventDate "1994.05.??"]
[Source "ChessBase"]

1. e4 c6 2. d4 d5 3. exd5 cxd5 4. c4 Nf6 5. Nc3 e6 6. Nf3 Bb4 7. Bd3 dxc4 8. Bxc4 O-O 9. O-O Nbd7 10. Bg5 Qa5 11. Rc1 Bxc3 12. Rxc3 b5 13. Ra3 Qb6 14. Rb3 a6 15. a4 Qc7 16. Bd3 bxa4 17. Rc3 Qa5 18. Ra3 Bb7 19. Rxa4 Qd5 20. Re1 a5 21. Ra3 Bc6 22. Rc3 Rfc8 23. Qc2 Bb7 24. Bc4 Qd6 25. Ne5 Qxd4 26. Rd3 Be4 27. Rxd4 Bxc2 28. Nxd7 Nxd7 29. Bxe6 fxe6 30. Rxd7 Bb3 31. Bd2 Rd8 32. Rxd8+ Rxd8 33. Bxa5 Rb8 34. Bc3 Rb7 35. f3 Kf7 36. Kf2 Ra7 37. Re4 Rb7 38. Rf4+ Kg8 39. Ke3 Rb8 40. h4 Bd5 41. h5 h6 42. Ra4 Rb7 43. Kf4 Kf7 44. Ke3 Bb3 45. Rf4+ Ke8 46. Bb4 Rf7 47. Rg4 Bd5 48. Bc3 Rf5 49. Rxg7 Rxh5 50. Rh7 Kf8 51. Kf2 Kg8 52. Rg7+ Kf8 53. Rc7 Rh1 54. Kg3 h5 55. Bf6 Kg8 56. Rg7+ Kf8 57. Rc7 Kg8 58. Kf4 h4 59. Kg5 Ba2 60. Be5 h3 61. g4 Rf1 62. Kh4 Rxf3 63. Rc3 Rf2 64. Rc8+ Kf7 65. Rc7+ Kf8 66. Kxh3 Re2 67. Bc3 e5 68. Rc5 e4 69. Re5 Kf7 70. Kg3 Be6 71. Kf4 Rg2 72. g5 Rg4+ 73. Ke3 Bb3 74. Rc5 Kg6 75. Bf6 Ba2 76. b4 Bb1 77. Rc3 Rg3+ 78. Kf4 Rxc3 79. Bxc3 e3 80. b5 Bd3 81. b6 Ba6 1/2-1/2

[Event "Toronto op"]
[Site "Toronto"]
[Date "1998.05.18"]
[Round "8"]
[White "Shabalov, Alexander"]
[Black "Benjamin, Joel"]
[Result "1-0"]
[WhiteElo "2615"]
[BlackElo "2595"]
[PlyCount "55"]
[EventDate "1998.05.14"]
[Source "ChessBase"]
[SourceDate "1998.09.09"]

1. d4 Nf6 2. c4 e6 3. Nc3 Bb4 4. e3 O-O 5. Bd3 d5 6. Nf3 c5 7. O-O dxc4 8. Bxc4 Bd7 9. dxc5 Bc6 10. Qe2 Qe7 11. Bd2 Rd8 12. a3 Bxf3 13. gxf3 Bxc5 14. Ne4 Nxe4 15. fxe4 Nd7 16. Bc3 Qh4 17. f3 Qg5+ 18. Kh1 Qxe3 19. Qg2 Qh6 20. f4 Nb6 21. Bb3 Bd4 22. Bb4 Qg6 23. Qe2 a5 24. Be1 a4 25. Ba2 Rd7 26. Rd1 Rad8 27. Ba5 Ra8 28. Bxb6 1-0

[Event "Aubervilliers"]
[Site "Aubervilliers FRA"]
[Date "1992.??.??"]
[Round "?"]
[White "Vaisser, Anatoli V"]
[Black "Polugaevsky, Lev A"]
[Result "1-0"]
[WhiteElo "2580"]
[BlackElo "2630"]
[PlyCount "53"]
[EventDate "1992.??.??"]
[Source "www.chesslib.no"]
[SourceDate "2004.05.04"]

1. d4 Nf6 2. c4 e6 3. Nc3 Bb4 4. e3 O-O 5. Bd3 d5 6. Nf3 c5 7. O-O dxc4 8. Bxc4 cxd4 9. exd4 b6 10. Bg5 Bb7 11. Rc1 Be7 12. Qe2 Nc6 13. Rfd1 Nd5 14. h4 Nxc3 15. Rxc3 Bxg5 16. hxg5 Nb4 17. Ne5 Qxg5 18. Rg3 Qf4 19. Qh5 Rad8 20. Rg4 Qf6 21. a3 Nd5 22. Bxd5 Rxd5 23. Rd3 Qf5 24. Rg5 g6 25. Rh3 Qb1+ 26. Kh2 Kg7 27. Ng4 1-0

[Event "5th Open"]
[Site "Dubai"]
[Date "2003.04.21"]
[Round "2"]
[White "Aleksandrov, Aleksej"]
[Black "Brodsky, Michail"]
[Result "1/2-1/2"]
[WhiteElo "2650"]
[BlackElo "2559"]
[PlyCount "35"]
[EventDate "2003.04.21"]
[Source "Roberto Alvarez"]
[SourceDate "2003.05.05"]

1. d4 Nf6 2. c4 e6 3. Nc3 Bb4 4. e3 O-O 5. Bd3 d5 6. Nf3 c5 7. O-O cxd4 8. exd4 dxc4 9. Bxc4 b6 10. Bg5 Bb7 11. Rc1 Nc6 12. a3 Be7 13. h4 h6 14. Bf4 Bd6 15. Ne5 Ne7 16. Qd3 Ned5 17. Nxd5 Nxd5 18. Bg3 1/2-1/2

[Event "Chesswise int op"]
[Site "Stratton Mountain"]
[Date "2000.07.13"]
[Round "5"]
[White "Ehlvest, Jaan"]
[Black "Wojtkiewicz, Aleksander"]
[Result "1/2-1/2"]
[WhiteElo "2627"]
[BlackElo "2581"]
[PlyCount "61"]
[EventDate "2000.07.10"]
[Source "www.chesslib.no"]
[SourceDate "2004.05.04"]

1. d4 Nf6 2. c4 e6 3. Nf3 d5 4. Nc3 Bb4 5. e3 O-O 6. Bd3 c5 7. O-O cxd4 8. exd4 dxc4 9. Bxc4 Nbd7 10. Bb3 b6 11. Bf4 Ba6 12. Re1 Rc8 13. Rc1 Bxc3 14. bxc3 Bc4 15. Bd6 Re8 16. Ne5 Nxe5 17. dxe5 Nd5 18. Qd2 f5 19. Ba4 b5 20. Bd1 Nb6 21. Rb1 Qd7 22. Re3 Kh8 23. Rh3 Rg8 24. Qg5 g6 25. Bf3 Rg7 26. Rd1 Bd5 27. Be2 Kg8 28. Bb4 Nc4 29. Bxc4 Rxc4 30. Rh4 Rxh4 31. Qxh4 1/2-1/2

[Event "EU-ch 2nd"]
[Site "Ohrid"]
[Date "2001.06.14"]
[Round "13"]
[White "Neverov, Valeriy"]
[Black "Jussupow, Artur"]
[Result "1/2-1/2"]
[WhiteElo "2562"]
[BlackElo "2645"]
[PlyCount "87"]
[EventDate "2001.06.01"]
[Source "ChessBase"]
[SourceDate "2001.09.13"]

1. d4 Nf6 2. c4 e6 3. Nc3 Bb4 4. e3 c5 5. Bd3 d5 6. Nf3 O-O 7. O-O dxc4 8. Bxc4 Bd7 9. Qe2 Bc6 10. Rd1 Qe7 11. Bd2 Bxf3 12. Qxf3 Nc6 13. Be1 cxd4 14. exd4 Rad8 15. Qe3 Ba5 16. Bb5 Nb4 17. Rac1 Bb6 18. Na4 Nbd5 19. Qb3 Bc7 20. g3 Rc8 21. Bf1 Bb8 22. Bg2 Rxc1 23. Rxc1 Rd8 24. Nc5 b6 25. Nd3 h6 26. Rc4 Qe8 27. Qc2 Ne7 28. a4 Nfd5 29. Ne5 Rc8 30. Rxc8 Qxc8 31. Qxc8+ Nxc8 32. Nc6 Bd6 33. b4 Kf8 34. b5 Ke8 35. Kf1 f6 36. Ke2 Kd7 37. Kd3 a6 38. Kc4 axb5+ 39. axb5 Bf8 40. Bxd5 Nd6+ 41. Kd3 exd5 42. Bb4 h5 43. h3 g6 44. Bxd6 1/2-1/2